Chaîne de mots - Afrique - Statistiques

Statistiques générales
  • Ce quiz a été pris 246 fois
  • Le résultat moyen est 13 sur 21
Statistiques - réponses
Indice Réponse % Correct
Plus grand désert chaud du monde Sahara
98%
Fleuve qui arrose notamment Le Caire et Khartoum Nil
90%
Pays entièrement enclavé en Afrique du Sud Lesotho
89%
Pays insulaire sur la 4e plus grande île au monde Madagascar
88%
Pays le plus peuplé Nigéria
87%
Pays où a eu lieu le génocide des Tutsis Rwanda
83%
Mer qui borde le Soudan, Djibouti et l'Egypte Rouge
81%
Ville la plus peuplée de la Côte d'Ivoire Abidjan
77%
Rivière qui passe en République Démocratique du Congo qui a donné le nom à un virus mortel Ebola
74%
Massif montagneux qui s'étend sur trois pays : l'Algérie, le Maroc et la Tunisie Atlas
70%
Capitale du Burkina-faso Ouagadougou
67%
Ressource au fonctionnement des centrales nucléaires françaises extraite au Niger Uranium
66%
Pays d'Afrique australe, anciennement nommé Swaziland Eswatini
65%
Langue germanique issue du néerlandais, parlée en Afrique du Sud, en Namibie Afrikaans
59%
Adjectif qui peut qualifier les peuples comme les Massaï, les Touareg, les Bédouins... Nomade
56%
Prénom du Roi du Maroc de 1961 à 1999, IIe du Nom Hassan
40%
Région définie par un climat de transition entre le climat désertique et le climat soudanien, s'étendant de Dakar à la Mer Rouge Sahel
39%
Région de l'Ouest du Soudan qui est le théâtre d'une guerre civile de 2003 à 2020 Darfour
38%
Langue bantoue parlée en république démocratique du Congo qui compte environ 20 millions de locuteurs Lingala
38%
Synonyme du mot «berbère» et qui veut dire « homme libre » en langue berbère Amazigh
19%
Prénom de Sékou Touré, premier président de la république de Guinée Ahmed
15%
Aucun quiz correspondant
Distribution des résultats
% des personnes avec chaque résultat
Percentile par nombre de réponses
Votre historique - résultats
Vous n’avez pas pris ce quiz